Rèn luyện thể chất cho thanh thiếu nhi
Nội dung sách gồm: kiến thức phổ quát về thể chất; phương pháp rèn luyện thể chất thiếu nhi; phương pháp rèn luyện thể chất thanh niên.
Kaydedildi:
| Yazar: | |
|---|---|
| Diğer Yazarlar: | |
| Materyal Türü: | Kitap |
| Dil: | Vietnamese |
| Baskı/Yayın Bilgisi: |
H.
Thể thao và du lịch
2020
|
| Konular: | |
| Etiketler: |
Etiketle
Etiket eklenmemiş, İlk siz ekleyin!
|
| Thư viện lưu trữ: | Thư viện Trường Đại học Nam Cần Thơ |
|---|
| LEADER | 01310nam a22002297a 4500 | ||
|---|---|---|---|
| 001 | NCT_88225 | ||
| 008 | 210217b xxu||||| |||| 00| 0 vie d | ||
| 999 | |c 4350 |d 4350 | ||
| 020 | |a 9786048508715 | ||
| 082 | 0 | 4 | |2 23rd ed. |a 613.7 |b D121 |
| 100 | 1 | |a Hoàng Công Dân |e Chủ biên | |
| 245 | 1 | 0 | |a Rèn luyện thể chất cho thanh thiếu nhi |c Hoàng Công Dân (Chủ biên) ; Vũ Đức Vinh,...[et al.] |
| 260 | |a H. |b Thể thao và du lịch |c 2020 | ||
| 300 | |a 366 tr. |b Minh họa |c 21cm | ||
| 520 | 3 | |a Nội dung sách gồm: kiến thức phổ quát về thể chất; phương pháp rèn luyện thể chất thiếu nhi; phương pháp rèn luyện thể chất thanh niên. | |
| 653 | |a Cơ bản | ||
| 700 | 1 | |a Vũ Đức Vinh | |
| 942 | |2 ddc |c BK | ||
| 952 | |0 0 |1 0 |2 ddc |4 0 |6 613_700000000000000_D121 |7 0 |9 20970 |a 000001 |b 000001 |d 2021-02-17 |o 613.7 D121 |p MD.18240 |r 2021-02-17 |w 2021-02-17 |y BK | ||
| 952 | |0 0 |1 0 |2 ddc |4 0 |6 613_700000000000000_D121 |7 0 |9 20971 |a 000001 |b 000001 |d 2021-02-17 |o 613.7 D121 |p MD.18241 |r 2021-02-17 |w 2021-02-17 |y BK | ||
| 952 | |0 0 |1 0 |2 ddc |4 0 |6 613_700000000000000_D121 |7 0 |9 20972 |a 000001 |b 000001 |d 2021-02-17 |o 613.7 D121 |p MD.18242 |r 2021-02-17 |w 2021-02-17 |y BK | ||
| 980 | |a Thư viện Trường Đại học Nam Cần Thơ | ||


